Statistiken für Größte deutsche Städte nach Buchstabe - I

Klicken Sie hier um das Quiz zu spielen!

Allgemein

  • Dieses Quiz wurde 4.967 mal gespielt
  • Das Durchschnittsergebnis liegt bei 3 aus 14

Antwortstatistiken

LandEinwohnerStadt% Korrekt
Bayern137.392Ingolstadt
97%
NRW92.174Iserlohn
47%
Thüringen38.891Ilmenau
31%
Rheinland-Pfalz28.520Idar-Oberstein
30%
Schleswig-Holstein31.803Itzehoe
29%
Bayern17.482Illertissen
23%
Rheinland-Pfalz35.193Ingelheim am Rhein
21%
NRW51.822Ibbenbüren
19%
Hessen24.997Idstein
12%
Bayern14.314Immenstadt im Allgäu
11%
Baden-Württemberg14.191Isny im Allgäu
11%
Sachsen-Anhalt9.565Ilsenburg (Harz)
5%
Bayern9.213Ichenhausen
4%
NRW10.636Isselburg
4%

Verteilung der Resultate

Perzentil nach korrekt beantworteten Fragen

Anzahl Personen mit jedem Resultat

Ihre Resultats-Entwicklung

Sie haben dieses Quiz noch nicht gespielt